000 00900 a2200205 4500
001 31679
005 20260407155620.0
008 260407a1971 arg spa d
003 AR-UNSa-BCEJYS
040 _aAR-UNSa-BCEJYS
_bspa
_cAR-UNSa-BCEJYS
080 _a658
_xAdministración de empresas. Organización comercial
245 1 0 _aLa empresa en la gran sociedad industrial
264 1 _aBuenos Aires :
_bPaidós
_c1971
300 _a284 p.
_c19 cm.
505 _a1. La empresa y el reinado de los cerebros - 2. La empresa y el trabajador - 3. La empresa y la educación - 4. La empresa y la participación en los beneficios - 5. La empresa y la innovación - 6. La empresa y la calidad de la vida - 7. La empresa y los caminos del compromiso civico - 8. La empresa ciudadana
942 _cBK
590 _aniveau_biblio:m niveau_hierar:0
100 1 _aChedaux, Irene
700 1 _aStang, Santiago
999 _c2207
_d2207